European economic review journal of the European Economic Association

Guardado en:
Detalles Bibliográficos
Formato: Seriadas
Lenguaje:inglés
Publicado: Amsterdam Elsevier Science 1995
Materias:
Etiquetas: Agregar Etiqueta
Sin Etiquetas, Sea el primero en etiquetar este registro!

MARC

LEADER 00000nas2a2200000 4500
001 s102253
005 20221221070201.9
022 |a 0014-2921 
041 0 |a eng 
044 |a NL 
245 1 0 |a European economic review  |b journal of the European Economic Association 
264 1 |a Amsterdam  |b Elsevier Science  |c 1995 
300 |a 2 zv. 
773 0 |w eu_un_cat*s120677 
610 2 0 |a Európa 
610 2 0 |a hospodárstvo kontinentov 
610 2 0 |a ekonómia 
610 2 0 |a politika hospodárska 
610 2 0 |a analýza ekonomická